Top 15 Least Stable Countries in the World - Statistics

General Stats
  • This quiz has been taken 173 times
  • The average score is 10 of 15
Answer Stats
Score (The higher the worse) Country % Correct
110.7 Syria
90%
102.9 Afghanistan
86%
110.8 South Sudan
85%
104.8 Sudan
84%
112.4 Yemen
84%
109.4 Democratic Republic of the Congo
80%
110.9 Somalia
80%
107.5 Central African Republic
74%
106.4 Chad
70%
97.3 Nigeria
64%
97.7 Haiti
50%
97.89 Cameroon
40%
97.9 Burundi
39%
99.2 Zimbabwe
36%
97.2 Guinea
35%
No matching quizzes found
Score Distribution
Percent of People with Each Score
Percentile by Number Answered
Your Score History
You have not taken this quiz